000 00541nam a22001937a 4500
003 KOHA_MİRAKIL
005 20251125125333.0
008 251125b tu ||||| |||| 00| 0 tur d
020 _a9789754379341
040 _aTR-AnABB
_btur
_cTR-AnABB
041 _atur
082 _a813.42
_bSAP 2013
100 1 _aŞapolyo, Enver Behnan,
245 1 0 _aYayla gülü /
_cEnver Behnan Şapolyo
260 _aİstanbul :
_bÖtüken Neşriyat,
_c2013
300 _a175 sayfa ;
_c20 cm
650 0 4 _aTürk edebiyatı, roman
942 _2ddc
_cBK
999 _c9635
_d9635
900 _bGizem YORULMAZ